comparision of soy bean variety under the condition of royal university of agriculture in wet season 2003 (ប្រៀបធៀបពូជសណ្តែកសៀងក្នុងលក្ខខ័ណ្ឌរដូវវស្សា ឆ្នាំ ២០០៣ នៅសាកលវិទ្យាល័យភូមិន្ទកសិកម្ម) (Record no. 721)

000 -LEADER
fixed length control field 00711nam a22001577a 4500
003 - CONTROL NUMBER IDENTIFIER
control field OSt
005 - DATE AND TIME OF LATEST TRANSACTION
control field 20150918111837.0
008 - FIXED-LENGTH DATA ELEMENTS--GENERAL INFORMATION
fixed length control field 150918b xxu||||| |||| 00| 0 eng d
040 ## - CATALOGING SOURCE
Transcribing agency RUA
082 ## - DEWEY DECIMAL CLASSIFICATION NUMBER
Classification number AGR NOU 2004 B030 Or.1
100 ## - MAIN ENTRY--PERSONAL NAME
9 (RLIN) 750
Personal name NOU, CHANTHY.
245 ## - TITLE STATEMENT
Title comparision of soy bean variety under the condition of royal university of agriculture in wet season 2003 (ប្រៀបធៀបពូជសណ្តែកសៀងក្នុងលក្ខខ័ណ្ឌរដូវវស្សា ឆ្នាំ ២០០៣ នៅសាកលវិទ្យាល័យភូមិន្ទកសិកម្ម)
260 ## - PUBLICATION, DISTRIBUTION, ETC. (IMPRINT)
Place of publication, distribution, etc. Phnom Penh
Name of publisher, distributor, etc. RUA
Date of publication, distribution, etc. 2004
300 ## - PHYSICAL DESCRIPTION
Extent 39p.
Other physical details ill.
Dimensions 29cm.
942 ## - ADDED ENTRY ELEMENTS (KOHA)
Source of classification or shelving scheme
Koha item type AGR
Holdings
Price effective from Date last seen Permanent Location Not for loan Date acquired Source of classification or shelving scheme Koha item type Lost status Withdrawn status Date last checked out Total Checkouts Shelving location Damaged status Barcode Current Location Full call number
2015-09-182015-09-18Library Block B 2015-09-18 AGR    B030 RUA001075Library Block BAGR NOU 2004 B030 Or.1
2015-09-182019-03-13Library Block B 2015-09-18 AGR  2019-02-152B030 RUA001357Library Block BAGR NOU 2004 B030 Or.2
2015-09-182015-09-18Library Block B 2015-09-18 AGR    B030 RUA001429Library Block BAGR NOU 2004 B030 Or.3
2015-09-182016-07-25Library Block B 2015-09-18 AGR  2016-07-121B030 RUA001147Library Block BAGR NOU 2004 B030 Or.4
មជ្ឈមណ្ឌលឯការនៃសាកលវិទ្យាល័យភូមិន្ទកសិកម្មចំការដូង

Powered by Koha